000 00482nam a2200181Ia 4500
003 GCL
008 140319s9999 xx 000 0 eng d
040 _aGCL /
_cGCL
082 0 4 _a624.1
_bE E
100 1 _aELFICK, MICHAEL
245 1 0 _aELEMENTARY SURVEYING /
_cELFICK, MICHAEL
700 1 _aFRYER, JOHN
260 _a[S.N] :
_bHARPER COLLINS COLLEGE PUBLISBERS ،
_c1995
300 _a510
650 0 4 _aالتحليل الرياضى
650 0 4 _aSURVEYING
942 _2ddc
_cBK
999 _c10700
_d10700